书目信息 |
| 题名: |
富爸爸发现你孩子的财富基因
|
|
| 作者: | 清崎 , 莱希特, 著 ;萧明 译 | |
| 分册: | ||
| 出版信息: | 成都 四川人民出版社 2017 |
|
| 页数: | 292页 | |
| 开本: | 22cm | |
| 丛书名: | 富爸爸财商教育系列 | |
| 单 册: | ||
| 中图分类: | G78-49 , TS976.15-49 | |
| 科图分类: | ||
| 主题词: | 儿童教育--er tong jiao yu--家庭教育--通俗读物 , 财务管理--cai wu guan li--通俗读物 | |
| 电子资源: | ||
| ISBN: | 978-7-220-10367-4 | |
| 000 | 01732nam 2200373 450 | |
| 001 | 012001004159 | |
| 005 | 20140102134643.0 | |
| 010 | @a978-7-220-10367-4@dCNY39.80 | |
| 099 | @aCAL 012018048666 | |
| 100 | @a20180502d2017 em y0chiy50 ea | |
| 101 | 1 | @achi@ceng |
| 102 | @aCN@b510000 | |
| 105 | @aak z 000yy | |
| 106 | @ar | |
| 200 | 1 | @a富爸爸发现你孩子的财富基因@Afu ba ba fa xian ni hai zi de cai fu ji yin@f(美) 罗伯特·清崎, (美) 莎伦·莱希特著@g萧明译 |
| 210 | @a成都@c四川人民出版社@d2017 | |
| 215 | @a292页@c图@d22cm | |
| 225 | 2 | @a富爸爸财商教育系列@Afu ba ba cai shang jiao yu xi lie |
| 312 | @a书名原文取自封底 | |
| 314 | @a罗伯特·清崎,男,是畅销理财书《富爸爸穷爸爸》的作者,被誉为“百万富翁的教父”和“金钱教练”。 | |
| 314 | @a莎伦·莱希特,一名注册会计师,又是玩具业和出版业的资深经理和咨询专家。她参与创造了一本电子书——《会说话的书》。 | |
| 330 | @a本书讲述了:作者清崎小时候既不是富孩子,也不是聪明孩子,但是在富爸爸的教导下,他建立了一整套投资理财观念;长大之后,他白手起家,数次创业,几经商海沉浮,最终实现了财务自由。他以自己的亲身经历写成本书,提供丰富的财务知识课程,帮助家长对孩子进行理财教育,让孩子更聪明,更富有,拥有更高财商。 | |
| 333 | @a儿童教育工作者及相关读者。 | |
| 410 | 0 | @12001 @a富爸爸财商教育系列 |
| 500 | 10 | @aRich dad's rich kid, smart kid@Arich dad's rich kid, smart kid@mchinese |
| 606 | 0 | @a儿童教育@Aer tong jiao yu@x家庭教育@j通俗读物 |
| 606 | 0 | @a财务管理@Acai wu guan li@j通俗读物 |
| 690 | @aG78-49@v5 | |
| 690 | @aTS976.15-49@v5 | |
| 701 | 0 | @a清崎@Aqing qi@g(Kiyosaki, Robert T.)@4著 |
| 701 | 0 | @a莱希特,@Alai xi te@b莎伦@4著 |
| 702 | 0 | @a萧明@Axiao ming@4译 |
| 801 | 2 | @aCN@b江苏凤凰@c20191020 |
| 905 | @b1238035-8@dG78-49@e1753@f4 | |
| 富爸爸发现你孩子的财富基因/(美) 罗伯特·清崎, (美) 莎伦·莱希特著/萧明译.-成都:四川人民出版社,2017 |
| 292页:图;22cm.-(富爸爸财商教育系列) |
| 使用对象:儿童教育工作者及相关读者。 |
| ISBN 978-7-220-10367-4:CNY39.80 |
| 本书讲述了:作者清崎小时候既不是富孩子,也不是聪明孩子,但是在富爸爸的教导下,他建立了一整套投资理财观念;长大之后,他白手起家,数次创业,几经商海沉浮,最终实现了财务自由。他以自己的亲身经历写成本书,提供丰富的财务知识课程,帮助家长对孩子进行理财教育,让孩子更聪明,更富有,拥有更高财商。 |
| ● |
| 相关链接 |
|
|
|
|
正题名:富爸爸发现你孩子的财富基因
索取号:G78-49/1753
 
预约/预借
| 序号 | 登录号 | 条形码 | 馆藏地/架位号 | 状态 | 备注 |
| 1 | 1238035 | 212380350 | 第一样本阅览室/ [索取号:G78-49/1753] | 在馆 | |
| 2 | 1238036 | 212380369 | 教育系资料室/ [索取号:G78-49/1753] | 在馆 | |
| 3 | 1238037 | 212380378 | 教育系资料室/ [索取号:G78-49/1753] | 在馆 | |
| 4 | 1238038 | 212380387 | 第四借阅区/ [索取号:G78-49/1753] | 在馆 |